000 00915nam a2200217 i 4500
001 190193
003 ES-MaACL
005 20250930063201.0
008 200914s1954 sp |||| | spa d
080 _a72:37.02
100 1 _aBravo Sanfeliú, Pascual,
_d1893-1984
_9170309
245 1 3 _aLa enseñanza de proyectos de arquitectura /
_cdiscurso leído por D. Pascual Bravo Sanfeliú el día 25 de mayo de 1954, con motivo de su recepción, y contestación del Excmo. Sr. D. Modesto López Otero.
260 _aMadrid :
_b[s.n.],
_c1954 (
_fAltamira Tall. Gráf.)
300 _a55 p., 1 lám. ;
_c25 cm.
594 _aPrecede al tít.: Real Academia de Bellas Artes de San Fernando.
650 4 _aArquitectura-
_xDidáctica.
_9173917
700 1 _aLópez Otero, M.
_973853
710 2 _aReal Academia de Bellas Artes de San Fernando.
_96291
852 4 _aES-MaACL
_jF-M-III-N
999 _c190193
_d190193